| 000 | 00833nam a2200205Ii 4500 | ||
|---|---|---|---|
| 003 | JO-AjNU | ||
| 008 | 230605s9999||||xx |||||||||||||| ||und|| | ||
| 040 |
_aJO-AjNU _bara _erda _cJO-AjNU |
||
| 041 | _aara | ||
| 050 | 1 | 4 | _aQA76.73.B3.A92 1996 |
| 100 | 3 |
_aمنصور، عوض؛ م. مشارك محمد أبو النور, _eauthor _959509 |
|
| 245 | 0 | 0 | _aمقدمة في علم الحاسب الألكتروني وبرمجة بيسك = introduction to computer science |
| 250 | _aط5 | ||
| 264 | 3 | 1 | _aاربد: دار الأمل، 1996 |
| 300 |
_a467ص _bيحتوي على معاجم الكلمات ويحتوي على ملاحق من ص465- 497 |
||
| 336 |
_atext _btxt _2rdacontent |
||
| 337 |
_aunmediated _bn _2rdamedia |
||
| 338 |
_avolume _bnc _2rdacarrier |
||
| 650 | 4 |
_aالكمبيوتر- حاسب الكتروني _959510 |
|
| 999 |
_aA26783 _c30351 _d30351 |
||